000 01323nam a2200349 i 4500
001 16021
003 ES-MaACL
005 20250811074300.0
007 t|
008 000601s1994 sp ||||1| spa d
020 _a84-7846-353-4
080 _a912(100)"14/15"
080 _a910.4(7/8)"14"
080 _a327(460:469)"14"
080 _a327(469:460)"14"
100 1 _aRemesal, Agustín.
_996129
245 1 3 _aLa raya de Tordesillas :
_b1494 /
_cAgustín Remesal.
260 _a[Valladolid] :
_bJunta de Castilla y León, Consejería de Cultura y Turismo,
_c1994.
300 _a153 p., [64] p. lám. col. ;
_c28 cm.
504 _aBibliografía: p. [125]-129.
505 8 _aContiene: transcripción del Tratado de Tordesillas, p. [139]-153
610 1 4 _aEspaña.
_tTratados, etc.
_gPortugal,
_d1494
_9172982
610 1 4 _aPortugal.
_tTratados, etc
_gEspaña, (
_d1494)
_9172983
650 4 _aLínea de demarcación de Alejandro VI.
_9172984
651 4 _aBrasil-
_xFronteras-
_vHistoria.
_9172985
710 1 _aEspaña.
_tTratados, etc.
_gPortugal,
_d1494
_9172982
710 1 _aPortugal.
_tTratados, etc
_gEspaña, (
_d1494)
_9172983
710 1 _aCastilla y León.
_bConsejería de Cultura y Turismo.
_92499
740 0 2 _aTratado de Tordesillas.
852 _aES-MaACL
_jL-23200
999 _c16021
_d16021